| 000 | 00529nam a2200205 a 4500 | ||
|---|---|---|---|
| 001 | BRCA_6119 | ||
| 005 | 20190320205336.0 | ||
| 008 | 040711s1928----gw-#######---#000-0#ger-# | ||
| 041 | _ager | ||
| 044 | _agw | ||
| 050 | 4 |
_aPT2603 .A2 _b.P4 1928 |
|
| 100 | 1 |
_aBachwitz, Hans _d1882- _915449 |
|
| 245 | 1 | 0 |
_aDie Pforte der Glückseligkeit _cHans Bachwitz. |
| 260 |
_aLeipzig, Alemania _bW. Goldmann _c1928 |
||
| 300 |
_a216 p. _c19 cm. |
||
| 500 | _aK21 | ||
| 650 | 1 | 4 |
_aLiteratura Alemana _96160 |
| 902 | _aGFM | ||
| 942 |
_2lcc _cB |
||
| 999 |
_c5806 _d5806 |
||